000
00278nam a2200109 4500
008
180219b xxu||||| |||| 00| 0 eng d
245
_a
ALS for drug surrenderers.
260
_a
Davao City
_b
Sun Star Davao
_c
c2017
300
_a
page 9.
650
0
_9
26639
_a
Drugs.
942
_2
ddc
_c
PER
999
_c
8740
_d
8740